شا ہين:ا فسا نے تجز ۓ ا و ر مقا لا ت (Record no. 171695)

MARC details
000 -LEADER
fixed length control field 00691nam a22001937a 4500
005 - DATE AND TIME OF LATEST TRANSACTION
control field 20200117143255.0
010 ## - LCCN (DPL NO)
LC control number A-773233
020 ## - INTERNATIONAL STANDARD BOOK NUMBER
Terms of availability N.A.
International Standard Book Number -
035 ## - SYSTEM CONTROL NUMBER
System control number A-773233
037 ## - SOURCE OF ACQUISITION
Source of stock number/acquisition BPPD/Pub.
Stock number -
082 ## - DEWEY DECIMAL CLASSIFICATION NUMBER
Classification number 844
100 ## - MAIN ENTRY--PERSONAL NAME
Personal name عثما نی معين ا لد ين
245 ## - TITLE STATEMENT
Title شا ہين:ا فسا نے تجز ۓ ا و ر مقا لا ت
Statement of responsibility, etc عثما نی معين ا لد ين
246 ## - VARYING FORM OF TITLE
Remainder of title Shaheen:Afsane Tajaziey Aur Maqalat (Urdu)
Title proper/short title Edited by Moinuddin Usmani
260 ## - PUBLICATION, DISTRIBUTION, ETC. (IMPRINT)
Place of publication, distribution, etc Maharashtra
Name of publisher, distributor, etc Idara Shaheen Library
Date of publication, distribution, etc 1994 ء
270 ## - ADDRESS
Address Shahoo Nagar Jalgaon
City Maharashtra
Postal code 25001
Telephone number -
Fax number -
300 ## - PHYSICAL DESCRIPTION
Extent 116 ص
Dimensions 22 Cm(Hb)
942 ## - ADDED ENTRY ELEMENTS (KOHA)
Source of classification or shelving scheme Dewey Decimal Classification
Item type Urdu Bks
Classification part 844
Edition 844
Call number prefix ع ث م
Holdings
Withdrawn status Lost status Not for loan Collection code Home library Current library Date acquired Source of acquisition Cost, normal purchase price Full call number Barcode Copy number Cost, replacement price Koha item type
      Non-fiction Central Library Central Library 17/01/2020 BPPD/Ven. 0.00 844ع ث م A-773233 1 0.00 Urdu Bks

© Delhi Public Library
Hit Counter
free hit counter